[Event "ESP-chT 2nd Division 2019"]
[Site "Linares"]
[Date "2019.08.21"]
[Round "4.10"]
[White "Castellet Menchon, Cora"]
[Black "Dorado Meijide, Andrea"]
[Result "1/2-1/2"]
[WhiteElo "1866"]
[BlackElo "1762"]
[Annotator "NA"]
[PlyCount "80"]
[EventDate "2019.08.19"]
[EventType "team-tourn"]
[EventCountry "ESP"]
[SourceTitle "playchess.com"]
[Source "ChessBase"]
[SourceQuality "1"]
[TimeControl "5400+30"]

1. d4 {[%emt 0:00:00]} Nf6 {[%emt 0:00:00]} 2. c4 {[%emt 0:00:00]} e5 {[%emt 0:00:08]} 3. dxe5 {[%emt 0:00:00]} Ng4 {[%emt 0:00:09]} 4. Bf4 {[%emt 0:00:52]} g5 {[%emt 0:00:23]} 5. Bg3 {[%emt 0:00:53]} Nc6 {[%emt 0:00:38]} 6. Nf3 {[%emt 0:01:33]} Bg7 {[%emt 0:00:44]} 7. Nc3 {[%emt 0:06:40]} Ngxe5 {[%emt 0:02:11]} 8. e3 {[%emt 0:06:21]} d6 {[%emt 0:03:50]} 9. Nxe5 {[%emt 0:06:47]} Nxe5 {[%emt 0:00:21]} 10. Rc1 {[%emt 0:02:17]} Be6 {[%emt 0:12:26]} 11. Nb5 {[%emt 0:11:24]} O-O {[%emt 0:14:35]} 12. Be2 {[%emt 0:08:14]} f5 {[%emt 0:05:58]} 13. Nd4 {[%emt 0:10:16]} Bd7 {[%emt 0:07:10]} 14. f4 {[%emt 0:09:01]} Ng4 {[%emt 0:06:52]} 15. Bxg4 {[%emt 0:07:09]} fxg4 {[%emt 0:00:08]} 16. O-O {[%emt 0:02:24]} Qe7 {[%emt 0:06:57]} 17. Qd3 {[%emt 0:05:19]} Rae8 {[%emt 0:01:39]} 18. Rce1 {[%emt 0:00:38]} a6 {[%emt 0:05:09]} 19. b4 {[%emt 0:01:06]} c5 {[%emt 0:02:53]} 20. Nc2 {[%emt 0:03:24]} Bf5 {[%emt 0:02:11]} 21. Qd5+ {[%emt 0:05:38]} Kh8 {[%emt 0:02:53]} 22. Rf2 {[%emt 0:04:01]} Bc3 {[%emt 0:02:34]} 23. Rd1 {[%emt 0:03:59]} Bxc2 {[%emt 0:03:06]} 24. Rxc2 {[%emt 0:00:04]} Qxe3+ {[%emt 0:00:10]} 25. Bf2 {[%emt 0:02:11]} Qxf4 {[%emt 0:01:23]} 26. bxc5 {[%emt 0:01:45]} dxc5 {[%emt 0:07:18]} 27. Bxc5 {[%emt 0:00:40]} Re5 {[%emt 0:07:33]} 28. Qd6 {[%emt 0:00:43]} Rfe8 {[%emt 0:01:29]} 29. Bf2 {[%emt 0:00:39]} Re1+ {[%emt 0:02:08]} 30. Bxe1 {[%emt 0:00:31]} Rxe1+ {[%emt 0:00:14]} 31. Rxe1 {[%emt 0:00:10]} Qxd6 {[%emt 0:00:39]} 32. Rxc3 {[%emt 0:00:15]} Qd4+ {[%emt 0:00:02]} 33. Rce3 {[%emt 0:00:08]} Qxc4 {[%emt 0:00:51]} 34. Re7 {[%emt 0:00:56]} Qc5+ {[%emt 0:00:44]} 35. Kf1 {[%emt 0:00:35]} Qf5+ {[%emt 0:00:48]} 36. Kg1 {[%emt 0:00:12]} Qc5+ {[%emt 0:00:13]} 37. Kh1 {[%emt 0:00:27]} Qb4 {[%emt 0:00:31]} 38. R7e4 {[%emt 0:00:56]} Qd2 {[%emt 0:00:49]} 39. Re7 {[%emt 0:00:33]} Qb4 {[%emt 0:00:06]} 40. R7e4 Qc5 1/2-1/2

[Event "ESP-chT 2nd Division 2019"]
[Site "Linares"]
[Date "2019.08.21"]
[Round "4.11"]
[White "Portela Peleteiro, Alberto"]
[Black "Gamundi Salamanca, Antonio"]
[Result "1/2-1/2"]
[WhiteElo "2375"]
[BlackElo "2444"]
[Annotator "NA"]
[PlyCount "71"]
[EventDate "2019.08.19"]
[EventType "team-tourn"]
[EventCountry "ESP"]
[SourceTitle "playchess.com"]
[Source "ChessBase"]
[SourceQuality "1"]
[TimeControl "5400+30"]

1. e4 {[%emt 0:00:00]} e6 {[%emt 0:00:00]} 2. d4 {[%emt 0:00:57]} d5 {[%emt 0:00:00]} 3. Nc3 {[%emt 0:01:20]} Nf6 {[%emt 0:00:00]} 4. e5 {[%emt 0:01:17]} Nfd7 {[%emt 0:00:08]} 5. Nf3 {[%emt 0:00:07]} c5 {[%emt 0:00:44]} 6. dxc5 {[%emt 0:00:05]} Nc6 {[%emt 0:00:04]} 7. Bf4 {[%emt 0:00:10]} Bxc5 {[%emt 0:00:05]} 8. Bd3 {[%emt 0:00:19]} f6 {[%emt 0:06:28]} 9. exf6 {[%emt 0:00:04]} Qxf6 {[%emt 0:00:05]} 10. Bg3 {[%emt 0:00:03]} O-O {[%emt 0:00:29]} 11. O-O {[%emt 0:00:08]} a6 {[%emt 0:01:55]} 12. Qe2 {[%emt 0:09:31]} Nd4 {[%emt 0:11:48]} 13. Nxd4 {[%emt 0:00:07]} Bxd4 {[%emt 0:00:02]} 14. Rae1 {[%emt 0:05:14]} Nc5 {[%emt 0:06:53]} 15. Be5 {[%emt 0:11:23]} Bxe5 {[%emt 0:00:43]} 16. Qxe5 {[%emt 0:00:08]} Qxe5 {[%emt 0:04:45]} 17. Rxe5 {[%emt 0:00:23]} Nxd3 {[%emt 0:00:32]} 18. cxd3 {[%emt 0:00:12]} Bd7 {[%emt 0:00:08]} 19. Ne2 {[%emt 0:04:33]} Rac8 {[%emt 0:00:51]} 20. Nd4 {[%emt 0:03:16]} Rf4 {[%emt 0:02:31]} 21. Nxe6 {[%emt 0:00:07]} Bxe6 {[%emt 0:00:04]} 22. Rxe6 {[%emt 0:00:05]} Rc2 {[%emt 0:00:08]} 23. Rb6 {[%emt 0:00:04]} Rf7 {[%emt 0:01:31]} 24. g3 {[%emt 0:22:52]} Rd2 {[%emt 0:06:47]} 25. Kg2 {[%emt 0:02:00]} h6 {[%emt 0:00:42]} 26. Kh3 {[%emt 0:12:55]} Rxd3 {[%emt 0:05:24]} 27. f4 {[%emt 0:00:11]} Rd7 {[%emt 0:04:07]} 28. Rf2 {[%emt 0:02:40]} d4 {[%emt 0:10:39]} 29. Re6 {[%emt 0:00:12]} Rd1 {[%emt 0:01:46]} 30. Ree2 {[%emt 0:00:11]} Kf7 {[%emt 0:00:59]} 31. Kg2 {[%emt 0:02:57]} d3 {[%emt 0:13:31]} 32. Rd2 {[%emt 0:00:16]} Re1 {[%emt 0:00:20]} 33. Rf1 {[%emt 0:05:30]} Re2+ {[%emt 0:05:02]} 34. Rf2 {[%emt 0:00:00]} Re1 {[%emt 0:00:22]} 35. Rf1 {[%emt 0:00:02]} Re2+ {[%emt 0:00:06]} 36. Rf2 {[%emt 0:00:08]} 1/2-1/2

[Event "ESP-chT 2nd Division 2019"]
[Site "Linares"]
[Date "2019.08.21"]
[Round "4.13"]
[White "Garcia Castro, Pablo"]
[Black "Gavilan Diaz, Mario"]
[Result "1/2-1/2"]
[WhiteElo "2327"]
[BlackElo "2318"]
[Annotator "NA"]
[PlyCount "79"]
[EventDate "2019.08.19"]
[EventType "team-tourn"]
[EventCountry "ESP"]
[SourceTitle "playchess.com"]
[Source "ChessBase"]
[SourceQuality "1"]
[TimeControl "5400+30"]

1. c4 {[%emt 0:00:00]} e6 {[%emt 0:02:27]} 2. e3 {[%emt 0:00:11]} d5 {[%emt 0:01:39]} 3. Nc3 {[%emt 0:00:14]} Nf6 {[%emt 0:01:49]} 4. Nf3 {[%emt 0:00:30]} dxc4 {[%emt 0:06:43]} 5. Bxc4 {[%emt 0:00:30]} a6 {[%emt 0:00:05]} 6. d4 {[%emt 0:05:51]} b5 {[%emt 0:00:39]} 7. Bd3 {[%emt 0:13:10]} Bb7 {[%emt 0:01:28]} 8. O-O {[%emt 0:00:10]} Nbd7 {[%emt 0:00:50]} 9. e4 {[%emt 0:08:10]} b4 {[%emt 0:08:06]} 10. e5 {[%emt 0:00:12]} bxc3 {[%emt 0:01:48]} 11. exf6 {[%emt 0:00:13]} cxb2 {[%emt 0:19:15]} 12. Bxb2 {[%emt 0:17:16]} gxf6 {[%emt 0:04:37]} 13. Re1 {[%emt 0:14:10]} Nb6 {[%emt 0:02:00]} 14. Nh4 {[%emt 0:09:55]} Rg8 {[%emt 0:05:49]} 15. Rc1 {[%emt 0:12:53]} Be7 {[%emt 0:12:37]} 16. g3 {[%emt 0:10:44]} Rg5 {[%emt 0:17:53]} 17. f4 {[%emt 0:00:15]} Rd5 {[%emt 0:02:11]} 18. Nf3 {[%emt 0:03:27]} c5 {[%emt 0:02:05]} 19. Be4 {[%emt 0:00:14]} f5 {[%emt 0:00:37]} 20. Bxd5 {[%emt 0:00:10]} Qxd5 {[%emt 0:00:06]} 21. Re3 {[%emt 0:00:43]} c4 {[%emt 0:04:14]} 22. Ba3 {[%emt 0:00:36]} Bd8 {[%emt 0:02:10]} 23. Bc5 {[%emt 0:00:55]} Bc6 {[%emt 0:00:32]} 24. Qc2 {[%emt 0:00:45]} Bb5 {[%emt 0:00:46]} 25. Bxb6 {[%emt 0:00:22]} Bxb6 {[%emt 0:00:02]} 26. a4 {[%emt 0:00:23]} Bxd4 {[%emt 0:00:49]} 27. Nxd4 {[%emt 0:00:01]} Qxd4 {[%emt 0:00:01]} 28. Qf2 {[%emt 0:00:14]} Kf8 {[%emt 0:01:16]} 29. axb5 {[%emt 0:00:05]} axb5 {[%emt 0:00:01]} 30. Re5 {[%emt 0:00:29]} Qd7 {[%emt 0:01:42]} 31. Rb1 {[%emt 0:01:31]} Ra5 {[%emt 0:00:36]} 32. Re2 {[%emt 0:00:24]} Kg8 {[%emt 0:00:32]} 33. Rd2 {[%emt 0:00:09]} Qc7 {[%emt 0:00:19]} 34. Qd4 {[%emt 0:00:11]} Ra8 {[%emt 0:00:37]} 35. Rxb5 {[%emt 0:00:37]} c3 {[%emt 0:00:05]} 36. Rc2 {[%emt 0:00:34]} Rd8 {[%emt 0:00:57]} 37. Rxc3 {[%emt 0:01:18]} Qe7 {[%emt 0:00:01]} 38. Qe5 {[%emt 0:00:26]} Rd1+ {[%emt 0:00:51]} 39. Kg2 {[%emt 0:00:09]} Rd8 {[%emt 0:00:34]} 40. Rb8 {[%emt 0:00:20]} 1/2-1/2

[Event "ESP-chT 2nd Division 2019"]
[Site "Linares"]
[Date "2019.08.21"]
[Round "4.14"]
[White "Perera Borrego, Maria Adela"]
[Black "Rivera, Daniel"]
[Result "1-0"]
[WhiteElo "2186"]
[BlackElo "2321"]
[Annotator "NA"]
[PlyCount "65"]
[EventDate "2019.08.19"]
[EventType "team-tourn"]
[EventCountry "ESP"]
[SourceTitle "playchess.com"]
[Source "ChessBase"]
[SourceQuality "1"]
[TimeControl "5400+30"]

1. d4 {[%emt 0:00:00]} Nf6 {[%emt 0:00:42]} 2. Nf3 {[%emt 0:00:00]} g6 {[%emt 0:00:23]} 3. c4 {[%emt 0:00:00]} Bg7 {[%emt 0:00:21]} 4. Nc3 {[%emt 0:00:06]} O-O {[%emt 0:03:15]} 5. e4 {[%emt 0:00:15]} d6 {[%emt 0:00:07]} 6. h3 {[%emt 0:00:15]} c5 {[%emt 0:03:16]} 7. d5 {[%emt 0:01:52]} e6 {[%emt 0:04:52]} 8. Bd3 {[%emt 0:04:15]} exd5 {[%emt 0:00:30]} 9. exd5 {[%emt 0:00:08]} Re8+ {[%emt 0:04:44]} 10. Be3 {[%emt 0:00:22]} Bf5 {[%emt 0:09:15]} 11. O-O {[%emt 0:07:06]} Bxd3 {[%emt 0:18:19]} 12. Qxd3 {[%emt 0:00:10]} Nfd7 {[%emt 0:00:48]} 13. Rad1 {[%emt 0:04:20]} Ne5 {[%emt 0:03:48]} 14. Nxe5 {[%emt 0:00:15]} Bxe5 {[%emt 0:00:13]} 15. f4 {[%emt 0:09:34]} Bg7 {[%emt 0:00:13]} 16. Bf2 {[%emt 0:01:20]} Nd7 {[%emt 0:04:07]} 17. Nb5 {[%emt 0:06:42]} Nf6 {[%emt 0:08:47]} 18. Bh4 {[%emt 0:06:13]} Qb6 {[%emt 0:12:35]} 19. f5 {[%emt 0:10:33]} Nd7 {[%emt 0:07:35]} 20. a4 {[%emt 0:04:57]} Bf8 {[%emt 0:12:03]} 21. Qd2 {[%emt 0:03:54]} a5 {[%emt 0:03:30]} 22. Qf4 {[%emt 0:08:29]} Ne5 {[%emt 0:00:32]} 23. Bf6 {[%emt 0:08:40]} Re7 {[%emt 0:00:51]} 24. h4 {[%emt 0:03:13]} Rae8 {[%emt 0:00:38]} 25. h5 {[%emt 0:00:20]} Nd7 {[%emt 0:00:15]} 26. Bxe7 {[%emt 0:02:42]} Rxe7 {[%emt 0:00:04]} 27. fxg6 {[%emt 0:00:21]} Ne5 {[%emt 0:01:04]} 28. gxh7+ {[%emt 0:01:39]} Kxh7 {[%emt 0:00:01]} 29. Qf5+ {[%emt 0:00:34]} Kg8 {[%emt 0:00:33]} 30. Qg5+ {[%emt 0:01:51]} Kh7 {[%emt 0:00:53]} 31. Rf6 {[%emt 0:01:16]} Re8 {[%emt 0:00:02]} 32. Rdf1 {[%emt 0:00:30]} Qd8 {[%emt 0:00:12]} 33. Nxd6 {[%emt 0:05:22]} 1-0

[Event "ESP-chT 2nd Division 2019"]
[Site "Linares"]
[Date "2019.08.21"]
[Round "4.15"]
[White "Lorenzo Serrano, Henar"]
[Black "Lopez Guerrero, Jose Miguel"]
[Result "0-1"]
[WhiteElo "1719"]
[BlackElo "2079"]
[Annotator "NA"]
[PlyCount "94"]
[EventDate "2019.08.19"]
[EventType "team-tourn"]
[EventCountry "ESP"]
[SourceTitle "playchess.com"]
[Source "ChessBase"]
[SourceQuality "1"]
[TimeControl "5400+30"]

1. e4 {[%emt 0:00:00]} c5 {[%emt 0:00:00]} 2. Nc3 {[%emt 0:00:00]} e6 {[%emt 0:00:00]} 3. g3 {[%emt 0:00:00]} d5 {[%emt 0:00:33]} 4. exd5 {[%emt 0:01:36]} exd5 5. d4 Nf6 {[%emt 0:02:34]} 6. Bg5 {[%emt 0:09:04]} Be6 {[%emt 0:00:25]} 7. Bg2 {[%emt 0:01:09]} cxd4 {[%emt 0:00:17]} 8. Bxf6 {[%emt 0:04:44]} Qxf6 {[%emt 0:00:46]} 9. Nxd5 {[%emt 0:06:20]} Bxd5 {[%emt 0:00:20]} 10. Qe2+ {[%emt 0:03:19]} Be6 {[%emt 0:08:18]} 11. Bxb7 {[%emt 0:04:12]} Nd7 {[%emt 0:00:41]} 12. Bxa8 {[%emt 0:01:02]} Bb4+ {[%emt 0:00:08]} 13. Kf1 {[%emt 0:03:43]} O-O {[%emt 0:00:02]} 14. Qf3 {[%emt 0:01:45]} Bc4+ {[%emt 0:00:54]} 15. Kg2 {[%emt 0:01:38]} Qd8 {[%emt 0:00:53]} 16. Be4 {[%emt 0:01:33]} Nf6 {[%emt 0:00:07]} 17. Bc6 {[%emt 0:08:45]} Qb6 {[%emt 0:00:55]} 18. b3 {[%emt 0:05:07]} Ba6 {[%emt 0:00:13]} 19. g4 {[%emt 0:14:43]} Rc8 {[%emt 0:05:06]} 20. Ba8 {[%emt 0:00:43]} Qd8 {[%emt 0:02:31]} 21. Bb7 {[%emt 0:02:20]} Rc3 {[%emt 0:00:15]} 22. Bxa6 {[%emt 0:02:24]} Rxf3 {[%emt 0:00:19]} 23. Nxf3 {[%emt 0:00:31]} Nxg4 {[%emt 0:01:14]} 24. Rad1 {[%emt 0:02:14]} Bc3 {[%emt 0:00:48]} 25. Rd3 {[%emt 0:00:38]} Qf6 {[%emt 0:02:41]} 26. Bb7 {[%emt 0:01:20]} Qg6 {[%emt 0:00:34]} 27. Kf1 {[%emt 0:03:27]} Qb6 {[%emt 0:01:30]} 28. Rg1 {[%emt 0:01:45]} Nf6 {[%emt 0:01:41]} 29. Ba8 {[%emt 0:00:56]} g6 {[%emt 0:01:29]} 30. Rg5 {[%emt 0:02:57]} Qb8 {[%emt 0:01:50]} 31. Bc6 {[%emt 0:00:22]} Qf4 {[%emt 0:00:16]} 32. Rb5 {[%emt 0:01:14]} Qc1+ {[%emt 0:00:54]} 33. Kg2 {[%emt 0:00:43]} Qxc2 {[%emt 0:00:12]} 34. Ne5 {[%emt 0:01:22]} Ng4 {[%emt 0:09:50]} 35. Rf3 {[%emt 0:00:42]} Nxe5 {[%emt 0:00:17]} 36. Rxe5 {[%emt 0:00:05]} f5 {[%emt 0:00:19]} 37. Bd5+ {[%emt 0:01:13]} Kf8 {[%emt 0:01:00]} 38. Bc4 {[%emt 0:00:25]} Qxa2 {[%emt 0:02:35]} 39. Rh3 {[%emt 0:01:18]} d3 {[%emt 0:11:22]} 40. Rc5 {[%emt 0:03:03]} Bd4 {[%emt 0:02:00]} 41. Rc8+ {[%emt 0:03:33]} Ke7 {[%emt 0:00:57]} 42. Rxh7+ {[%emt 0:07:16]} Kf6 {[%emt 0:00:31]} 43. h4 {[%emt 0:00:43]} Qxf2+ {[%emt 0:00:13]} 44. Kh3 {[%emt 0:00:07]} Ke5 {[%emt 0:01:50]} 45. Rg7 {[%emt 0:01:47]} d2 {[%emt 0:01:22]} 46. Be2 {[%emt 0:00:20]} Kf4 {[%emt 0:00:14]} 47. Rxg6 {[%emt 0:00:37]} Qxe2 {[%emt 0:00:20]} 0-1

[Event "ESP-chT 2nd Division 2019"]
[Site "Linares"]
[Date "2019.08.21"]
[Round "4.16"]
[White "Narciso Dublan, Marc"]
[Black "Moreno Trujillo, Alejandro"]
[Result "1/2-1/2"]
[WhiteElo "2483"]
[BlackElo "2519"]
[Annotator "ChessBase"]
[PlyCount "163"]
[EventDate "2019.08.19"]
[EventType "team-tourn"]
[EventCountry "ESP"]
[SourceTitle "playchess.com"]
[Source "ChessBase"]
[SourceQuality "1"]
[TimeControl "5400+30"]

1. d4 {[%emt 0:00:00]} Nf6 {[%emt 0:00:00]} 2. Bg5 {[%emt 0:00:04]} e6 {[%emt 0:00:41]} 3. e4 {[%emt 0:00:16]} h6 {[%emt 0:00:27]} 4. Bxf6 {[%emt 0:00:07]} Qxf6 {[%emt 0:00:07]} 5. c3 {[%emt 0:00:16]} d5 {[%emt 0:02:16]} 6. Bd3 {[%emt 0:00:20]} Qd8 {[%emt 0:04:04]} 7. Nf3 {[%emt 0:00:34]} Be7 {[%emt 0:04:09]} 8. Nbd2 {[%emt 0:01:18]} Nd7 {[%emt 0:01:33]} 9. O-O {[%emt 0:00:48]} dxe4 {[%emt 0:04:17]} 10. Nxe4 {[%emt 0:00:33]} b6 {[%emt 0:03:14]} 11. Qe2 {[%emt 0:00:37]} Bb7 {[%emt 0:01:04]} 12. Rad1 {[%emt 0:00:20]} O-O {[%emt 0:04:21]} 13. Bc2 {[%emt 0:03:36]} Nf6 {[%emt 0:04:45]} 14. Ne5 {[%emt 0:05:11]} Nxe4 {[%emt 0:04:59]} 15. Bxe4 {[%emt 0:00:20]} Bxe4 {[%emt 0:00:10]} 16. Qxe4 {[%emt 0:00:05]} Qd5 {[%emt 0:00:11]} 17. Qxd5 {[%emt 0:02:43]} exd5 {[%emt 0:00:07]} 18. Rfe1 {[%emt 0:15:14]} Rfe8 {[%emt 0:17:29]} 19. g3 {[%emt 0:02:35]} Bd6 {[%emt 0:03:41]} 20. Ng4 {[%emt 0:07:08]} h5 {[%emt 0:04:40]} 21. Rxe8+ {[%emt 0:04:04]} Rxe8 {[%emt 0:00:07]} 22. Ne3 {[%emt 0:00:02]} c6 {[%emt 0:00:19]} 23. Kf1 {[%emt 0:00:11]} g6 {[%emt 0:01:44]} 24. Ke2 {[%emt 0:09:41]} Kf8 {[%emt 0:08:59]} 25. Kd3 {[%emt 0:01:22]} Ke7 {[%emt 0:01:52]} 26. a4 {[%emt 0:06:25]} Kd7 {[%emt 0:02:26]} 27. b4 {[%emt 0:00:49]} a6 {[%emt 0:05:26]} 28. Rc1 {[%emt 0:05:28]} Bc7 {[%emt 0:05:06]} 29. f4 {[%emt 0:07:05]} b5 {[%emt 0:02:02]} 30. Ra1 {[%emt 0:01:19]} Kc8 {[%emt 0:01:12]} 31. Ng2 {[%emt 0:12:22]} f6 {[%emt 0:05:04]} 32. axb5 {[%emt 0:02:11]} axb5 {[%emt 0:00:06]} 33. Rf1 {[%emt 0:01:04]} Kd7 {[%emt 0:03:42]} 34. Rf2 {[%emt 0:08:48]} Bd6 {[%emt 0:00:48]} 35. Ra2 {[%emt 0:01:02]} Bc7 {[%emt 0:01:49]} 36. Ra7 {[%emt 0:00:38]} Kc8 {[%emt 0:01:33]} 37. Ra8+ {[%emt 0:01:48]} Bb8 {[%emt 0:00:45]} 38. Ra6 {[%emt 0:01:00]} Kd7 {[%emt 0:00:43]} 39. Ra1 {[%emt 0:00:40]} Bc7 {[%emt 0:00:49]} 40. Ra2 {[%emt 0:00:57]} Rg8 {[%emt 0:01:23]} 41. Rf2 {[%emt 0:00:35]} Re8 {[%emt 0:00:50]} 42. Rf1 {[%emt 0:00:40]} Ra8 {[%emt 0:00:25]} 43. Nh4 {[%emt 0:00:26]} Rg8 {[%emt 0:00:16]} 44. Re1 {[%emt 0:00:34]} g5 {[%emt 0:01:21]} 45. fxg5 {[%emt 0:00:08]} fxg5 {[%emt 0:00:05]} 46. Nf3 {[%emt 0:00:12]} Bd6 {[%emt 0:01:10]} 47. Ra1 {[%emt 0:00:50]} h4 {[%emt 0:00:37]} 48. Ra7+ {[%emt 0:00:30]} Ke6 {[%emt 0:00:11]} 49. gxh4 {[%emt 0:00:24]} gxh4 {[%emt 0:00:11]} 50. Rh7 {[%emt 0:00:19]} Rg4 {[%emt 0:00:52]} 51. Rh6+ {[%emt 0:00:53]} Kd7 {[%emt 0:00:17]} 52. Rh7+ {[%emt 0:00:39]} Ke6 {[%emt 0:00:16]} 53. Rh5 {[%emt 0:00:29]} Kd7 {[%emt 0:00:34]} 54. Rh6 {[%emt 0:00:37]} Ke7 {[%emt 0:01:06]} 55. Nxh4 {[%emt 0:00:23]} Kd7 {[%emt 0:00:15]} 56. Nf3 {[%emt 0:00:29]} Re4 {[%emt 0:00:21]} 57. Rh7+ {[%emt 0:00:18]} Ke8 {[%emt 0:00:20]} 58. Rh6 {[%emt 0:01:01]} Bf4 {[%emt 0:00:15]} 59. Rh8+ {[%emt 0:00:22]} Kd7 {[%emt 0:00:26]} 60. Rh7+ {[%emt 0:00:30]} Ke6 {[%emt 0:00:30]} 61. Ne5 {[%emt 0:00:33]} Re3+ {[%emt 0:00:59]} 62. Kc2 {[%emt 0:00:03]} Bxe5 {[%emt 0:00:19]} 63. dxe5 {[%emt 0:00:06]} Rxe5 {[%emt 0:00:07]} 64. Rh6+ {[%emt 0:00:17]} Kd7 {[%emt 0:00:32]} 65. Kd3 {[%emt 0:00:18]} Re4 {[%emt 0:00:11]} 66. Rh7+ {[%emt 0:00:32]} Kd6 {[%emt 0:00:38]} 67. Rh6+ {[%emt 0:00:03]} Kc7 {[%emt 0:00:18]} 68. h4 {[%emt 0:01:43]} Rc4 {[%emt 0:00:28]} 69. h5 {[%emt 0:00:20]} d4 {[%emt 0:00:36]} 70. cxd4 {[%emt 0:00:46]} Rxb4 {[%emt 0:00:04]} 71. Rg6 {[%emt 0:00:39]} Rb3+ {[%emt 0:00:16]} 72. Kc2 {[%emt 0:00:26]} Rh3 {[%emt 0:00:13]} 73. h6 {[%emt 0:00:05]} Kb7 {[%emt 0:00:38]} 74. Kb2 {[%emt 0:00:41]} Kc7 {[%emt 0:00:07]} 75. Kc2 {[%emt 0:00:14]} b4 {[%emt 0:01:04]} 76. Kb2 {[%emt 0:00:22]} Rh4 {[%emt 0:00:47]} 77. Kb3 {[%emt 0:01:06]} Rxd4 {[%emt 0:00:31]} 78. h7 {[%emt 0:00:10]} Rh4 {[%emt 0:00:04]} 79. Rg8 {[%emt 0:00:35]} Rxh7 {[%emt 0:00:07]} 80. Kxb4 {[%emt 0:00:04]} Rh4+ {[%emt 0:00:17]} 81. Kc5 {[%emt 0:00:19]} Rh5+ {[%emt 0:00:07]} 82. Kc4 {[%emt 0:00:04]} 1/2-1/2

[Event "ESP-chT 2nd Division 2019"]
[Site "Linares"]
[Date "2019.08.21"]
[Round "4.17"]
[White "Nayhebaver, Martin"]
[Black "Bayo Milagro, Alvaro"]
[Result "1-0"]
[WhiteElo "2469"]
[BlackElo "2284"]
[Annotator "ChessBase"]
[PlyCount "82"]
[EventDate "2019.08.19"]
[EventType "team-tourn"]
[EventCountry "ESP"]
[SourceTitle "playchess.com"]
[Source "ChessBase"]
[SourceQuality "1"]
[TimeControl "5400+30"]

1. e4 {[%emt 0:00:00]} e5 {[%emt 0:02:08]} 2. Nf3 {[%emt 0:00:58]} Nc6 {[%emt 0:00:06]} 3. Bb5 {[%emt 0:00:34]} a6 {[%emt 0:00:07]} 4. Ba4 {[%emt 0:00:14]} Nf6 {[%emt 0:00:07]} 5. O-O {[%emt 0:00:24]} Bc5 {[%emt 0:00:05]} 6. c3 {[%emt 0:00:39]} b5 {[%emt 0:00:07]} 7. Bb3 {[%emt 0:00:24]} d6 {[%emt 0:00:11]} 8. d4 {[%emt 0:00:35]} Bb6 {[%emt 0:00:06]} 9. a4 {[%emt 0:00:26]} Bg4 {[%emt 0:00:08]} 10. Bg5 {[%emt 0:06:14]} Rb8 {[%emt 0:04:37]} 11. axb5 {[%emt 0:05:39]} axb5 {[%emt 0:00:10]} 12. Bd5 {[%emt 0:01:30]} Ne7 {[%emt 0:00:41]} 13. dxe5 {[%emt 0:10:05]} Nfxd5 {[%emt 0:06:00]} 14. exd5 {[%emt 0:18:16]} dxe5 {[%emt 0:01:09]} 15. Bxe7 {[%emt 0:01:55]} Qxe7 {[%emt 0:00:08]} 16. h3 {[%emt 0:03:51]} Bh5 {[%emt 0:01:34]} 17. Qe2 {[%emt 0:02:23]} O-O {[%emt 0:00:31]} 18. Qxe5 {[%emt 0:03:06]} Qxe5 {[%emt 0:00:08]} 19. Nxe5 {[%emt 0:00:03]} Rbd8 {[%emt 0:02:30]} 20. Nc6 {[%emt 0:02:44]} Rd7 {[%emt 0:00:49]} 21. Na3 {[%emt 0:01:45]} Kh8 {[%emt 0:07:54]} 22. g4 {[%emt 0:08:50]} Bg6 {[%emt 0:00:07]} 23. Rfd1 {[%emt 0:00:59]} Be4 {[%emt 0:00:28]} 24. Nxb5 {[%emt 0:01:33]} f5 {[%emt 0:02:45]} 25. gxf5 {[%emt 0:02:45]} g6 {[%emt 0:05:36]} 26. c4 {[%emt 0:03:32]} Rxf5 {[%emt 0:01:17]} 27. Nbd4 {[%emt 0:01:50]} Bxd4 {[%emt 0:05:41]} 28. Rxd4 {[%emt 0:02:31]} Rg5+ {[%emt 0:00:31]} 29. Kf1 {[%emt 0:00:13]} Bg2+ {[%emt 0:00:27]} 30. Ke2 {[%emt 0:00:08]} Bxh3 {[%emt 0:00:13]} 31. Rf4 {[%emt 0:02:18]} Kg7 {[%emt 0:03:01]} 32. b4 {[%emt 0:00:12]} h5 {[%emt 0:00:51]} 33. b5 {[%emt 0:00:32]} Rg2 {[%emt 0:03:26]} 34. Ra3 {[%emt 0:07:21]} Bg4+ {[%emt 0:00:16]} 35. Kf1 {[%emt 0:00:30]} Rh2 {[%emt 0:01:53]} 36. Kg1 {[%emt 0:00:07]} Rh3 {[%emt 0:00:30]} 37. Rg3 {[%emt 0:04:28]} g5 {[%emt 0:01:03]} 38. Re4 {[%emt 0:00:34]} Bf5 {[%emt 0:01:48]} 39. Re7+ {[%emt 0:03:19]} Rxe7 {[%emt 0:03:05]} 40. Nxe7 {[%emt 0:00:06]} Rxg3+ {[%emt 0:00:09]} 41. fxg3 {[%emt 0:00:04]} Be4 {[%emt 0:08:07]} 1-0